| 000 | 00359 a2200133 4500 | ||
|---|---|---|---|
| 003 | Nust | ||
| 005 | 20170207165347.0 | ||
| 040 | _cNust | ||
| 082 | _a799 | ||
| 245 |
_aOpening Address JSC-51,Photographs-2014 _cMCS |
||
| 260 |
_aRawalpindi _bMCS _c25-06-2014 |
||
| 650 | _aPictures of Opening Address JSC-51,Photographs-2014 (CD-NO 24 Vol IV) | ||
| 651 | _aSweet Memories-MCS | ||
| 942 | _cBK | ||
| 999 |
_c211622 _d211622 |
||